Historia de la civilización de los Estados Unidos de Norte América : (Record no. 6641)

000 -CABECERA
fixed length control field 01506nam a22002177a 4500
003 - IDENTIFICADOR DEL NÚMERO DE CONTROL
control field AR-CdUCM
008 - DATOS DE LONGITUD FIJA--INFORMACIÓN GENERAL
fixed length control field 190318b ||||| |||| 00| 0 spa d
040 ## - FUENTE DE LA CATALOGACIÓN
Agencia/entidad que catalogó originalmente la obra MUNICIPALIDAD PROVINCIAL DEL CUSCO
Entidad que transcribió la catalogación BIBLIOTECA MUNICIPAL DEL CUSCO
082 ## - NÚMERO DE LA CLASIFICACIÓN DECIMAL DEWEY
No. de Clasificación 973 /
Notacion interna B29
100 ## - ENTRADA PRINCIPAL--NOMBRE DE PERSONA
Nombre Personal Beard, Charles Austin
245 ## - MENCIÓN DE TÍTULO
Título Historia de la civilización de los Estados Unidos de Norte América :
Resto del título Desde sus orígenes hasta el presente /
260 ## - PUBLICACIÓN, DISTRIBUCIÓN, ETC.
Lugar de publicación, distribución, etc. Buenos Aires :
Nombre de la editorial, distribuidor, etc. Kraft,
Fecha de publicación, distribución, etc. 1946.
300 ## - DESCRIPCIÓN FÍSICA
Nº de Páginas Extensión 4 tomos ;
Dimensiones 24 cm.
505 ## - NOTA DE CONTENIDO CON FORMATO
Nota de contenido formateada Contenido : t.1 : La era agrícola -- El secreto colonial de Inglaterra -- Colocación de los cimientos de las colonias en Norte América -- El desarrollo de la potencia económica y política -- Norte América provincial -- El choque entre la metrópoli y la colonia -- t 2 : El imperialismo agrícola y la balanza del poder -- La joven república -- Nuevos estados agrícolas -- La democracia Jacksoniana -- Rumbo al oeste hacia el pacifico -- t.3 : La era industrial -- Se aproxima el conflicto irreprimible -- La segunda revolución Norteamericana -- El continente acaba de completarse -- El triunfo de la empresa comercial -- t.4 : Norte América imperial -- Hacia la democracia social -- Norte América en la balanza del poder -- En busca de la normalidad -- Se disuelve el espejismo ...
650 ## - PUNTO DE ACCESO ADICIONAL DE MATERIA--TÉRMINO DE MATERIA
Descriptor La era agrícola
9 (RLIN) 18674
650 ## - PUNTO DE ACCESO ADICIONAL DE MATERIA--TÉRMINO DE MATERIA
Descriptor La era industrial
9 (RLIN) 18675
650 ## - PUNTO DE ACCESO ADICIONAL DE MATERIA--TÉRMINO DE MATERIA
Descriptor Norte América
9 (RLIN) 2819
700 ## - PUNTO DE ACCESO ADICIONAL--NOMBRE DE PERSONA
Nombre Personal Beard, Mary R
9 (RLIN) 18676
942 ## - ELEMENTOS DE PUNTO DE ACCESO ADICIONAL (KOHA)
Fuente de clasificación
Tipo de item Libros-BMC
945 ## - PROCESAMIENTO DE INFORMACIÓN LOCAL (OCLC)
Catalogador rah
Holdings
Estado de retiro (separado) Fuente de clasificación o esquema de estanterías Estado dañado Ubicación Sala donde se ubica Nombre de la colección Fecha de adquisición o compra Costo, precio normal en soles Signatura topográfica Código de Barras Última vez visto (Koha) Tipo de ítem (Koha)
No     Sala Humanidades Sala Humanidades Book Cart 2019-03-18 20.00 086.973 / B29 / t.1 SH0000007822 2019-03-18 Libros-BMC
No     Sala Humanidades Sala Humanidades Book Cart 2019-03-18 20.00 086.973 / B29 / t.2 SH0000007823 2019-03-18 Libros-BMC
No     Sala Humanidades Sala Humanidades Book Cart 2019-03-18 20.00 086.973 / B29 / t.3 SH0000007824 2019-03-18 Libros-BMC
No     Sala Humanidades Sala Humanidades Book Cart 2019-03-18 20.00 086.973 / B29 / t.4 SH0000007825 2019-03-18 Libros-BMC

Powered by Koha